00654nam a2200169 a 450000100100000000500170001000800410002702000150006804000250008310000310010824501310013926000410027030000300031150000210034195201050036299900170046700004301920201002040558.0140217s1992 xxuc 001 0 spa d a0671769227 aDO-SdBNPbspacBNPHU1 aAmbrose, Stephen E.95293010aBand of brothers. :be company, 506th regiment, 101st airborne from Normandy to Hitler´s eagle´s nest /cStephen E. Ambrose. aNew York, :bTouchstone book,c1992. a335 p. :bretr. ;c24 cm. aIncluye índice 001050718MOaGRbGRcCTd2014-02-17iLF1l0o p43019-10r2020-06-25w2020-06-25y1ZNo se presta c42508d42508